000 01058cab a2200277 4500
001 ABS67643
008 040402n2004 000 0 eng u
035 _a(Sirsi) u125727
100 _aJansen, M.
245 _aLandlords face Thurloe backlash
260 _c2004
490 _aProperty Week
_v69(12) 19 March 2004, 42-43(2)
520 _aReports on a landmark decision in "Design Progression Ltd v Thurloe Properties" (2004) which could pave the way for tenants who have been refused permission to sublet. In February Thurloe Property were ordered to pay Design Progressionmore than £160 000 to compensate for unreasonably blocking an assignment deal. See Abs67642.
590 _aABS
650 _aLICENCES TO ASSIGN
650 _aASSIGNMENT
650 _aLANDLORD AND TENANT ACT 1988 S1
650 _aSUBLETTING
650 _aREASONABLE TIME
650 _aMARKET RENT
650 _aBREACH OF STATUTORY DUTY
650 _aCOMMERCIAL LEASES
650 _aLOSS OF PROFITS
690 _aLANDLORD AND TENANT-LEASES-CASE LAW
942 _n0
999 _c74351
_d74351